WWF Attitude Era - Statistics

General Stats
  • This quiz has been taken 304 times
    193 since last reset
  • The average score is 71 of 147
Answer Stats
Answer % Correct
The Rock
98%
The Undertaker
98%
Kane
97%
"Stone Cold" Steve Austin
97%
Triple H
94%
Edge
91%
Mick Foley
89%
Bret "Hit Man" Hart
88%
Shawn Michaels
88%
Billy Gunn
86%
Christian
86%
Mr. McMahon
86%
Owen Hart
86%
Chyna
85%
Chris Jericho
84%
Jeff Hardy
84%
Matt Hardy
84%
Shane McMahon
84%
X-Pac
84%
Stephanie McMahon
83%
The Big Show
83%
Eddie Guerrero
79%
Road Dogg
79%
Chris Benoit
78%
Bubba Ray Dudley
75%
Faarooq
75%
Kurt Angle
75%
The Godfather
75%
D-Von Dudley
74%
Bradshaw
73%
Lita
73%
Dustin Runnels
70%
Mark Henry
70%
Rikishi
70%
Spike Dudley
70%
Trish Stratus
70%
Test
69%
Hardcore Holly
67%
Al Snow
66%
Sable
66%
Val Venis
66%
Big Bossman
65%
Crash Holly
65%
D'Lo Brown
65%
Ken Shamrock
65%
Davey Boy Smith
64%
Jerry Lawler
63%
Animal
62%
Gangrel
62%
Molly Holly
62%
Steve Blackman
61%
Viscera
61%
Bart Gunn
60%
Hawk
59%
Jim Ross
58%
Perry Saturn
58%
Dean Malenko
57%
Grand Master Sexay
57%
Jeff Jarrett
57%
Scotty Too Hotty
56%
Prince Albert
55%
Ryan Shamrock
55%
Vader
53%
Marc Mero
52%
Mideon
52%
Tazz
52%
Chaz
51%
Crush
51%
Jacqueline
51%
Jim Neidhart
51%
Ivory
49%
Kurrgan
49%
Thrasher
48%
Michael Cole
46%
Terri Runnels
46%
Brian Pillman
45%
Chainsaw Charlie
45%
Luna Vachon
45%
William Regal
45%
Droz
44%
Paul Bearer
44%
Stevie Richards
44%
Golga
43%
Tori
43%
Rick Rude
42%
8-Ball
41%
Chainz
41%
The Kat
41%
Bull Buchanan
39%
Joey Abs
39%
Pete Gas
39%
Savio Vega
39%
Sho Funaki
39%
Dan Severn
38%
Pat Patterson
38%
Skull
38%
Rodney
37%
Gerald Brisco
36%
Mae Young
36%
Debra
34%
The Blue Meanie
34%
Giant Silva
31%
Scorpio
31%
Taka Michinoku
31%
Gillberg
30%
Mark Canterbury
30%
Meat
30%
The Fabulous Moolah
30%
Essa Rios
27%
Jim Cornette
27%
"Dr. Death" Steve Williams
26%
Dick Togo
25%
Jonathan Coachman
23%
Miguel Perez Jr.
23%
Paul Ellering
22%
Recon
22%
Sniper
22%
B.B.
20%
Clarence Mason
20%
Jesus Castillo
20%
Jose Estrada
20%
The Patriot
20%
George "The Animal" Steele
19%
Kevin Kelly
17%
Mens Teoh
17%
The Insane Clown Posse
17%
Tiger Ali Singh
17%
Tom Brandi
16%
Nicole Bass
15%
Doug Furnas
13%
Johnny Grunge
13%
Justin Credible
13%
Just Joe
13%
Yamaguchi San
13%
Jason Sensation
12%
J.C. Ice
12%
Phil LaFon
12%
Brakkus
11%
Wolfie D
9%
Rocco Roc
7%
The Commandant
7%
The Jackyll
7%
Tennessee Lee
6%
Marianna
5%
Nunzio
4%
The Great Sasuke
1%
K-Krush
0%
No matching quizzes found
Score Distribution
Percent of People with Each Score
Percentile by Number Answered
Your Score History
You have not taken this quiz since the last reset